Statistics for Most Common English Words (1-250)

Click here to take the quiz!

General Stats

  • This quiz has been taken 7,589 times
    (6,682 since last reset)
  • The average score is 131 of 250

Answer Stats

Word % Correct
I
99%
A
99%
The
98%
He
97%
An
96%
We
95%
Be
95%
Go
95%
Do
94%
To
94%
You
93%
On
93%
No
93%
In
91%
Her
91%
Me
90%
She
90%
So
90%
It
88%
When
86%
And
85%
Of
85%
Where
84%
For
84%
They
84%
What
83%
One
83%
Two
83%
Who
82%
Your
82%
Good
82%
Is
82%
Have
82%
There
81%
Can
81%
That
81%
Up
81%
See
80%
Their
80%
Them
80%
His
79%
As
79%
Why
79%
My
79%
Man
78%
Are
78%
Us
77%
Day
76%
How
76%
Could
76%
By
76%
Will
76%
At
75%
All
75%
This
75%
Him
74%
Too
73%
Would
73%
Then
73%
Like
73%
Our
72%
But
72%
Three
72%
Out
71%
Say
71%
Time
70%
Down
69%
From
69%
Some
68%
Was
68%
With
68%
Am
67%
More
67%
Get
67%
Under
67%
Give
67%
Should
66%
Take
65%
Over
65%
If
65%
Were
64%
Or
64%
Think
63%
Than
63%
Most
63%
Come
63%
Make
62%
Look
62%
Know
61%
Had
60%
House
60%
Did
60%
Want
60%
Right
59%
Off
59%
Work
58%
Big
57%
New
57%
Now
57%
After
56%
Year
56%
These
56%
Let
56%
Night
56%
First
56%
Boy
56%
Home
55%
Live
55%
Just
55%
Thing
54%
People
54%
Any
54%
Every
53%
Old
53%
Small
53%
May
52%
Here
52%
Before
51%
Never
51%
Run
51%
Well
51%
Went
51%
About
51%
Way
51%
Read
50%
Which
50%
Hand
50%
Word
50%
Many
50%
Left
49%
Food
49%
Even
49%
Water
49%
Back
49%
Put
48%
Said
48%
Tell
47%
Father
46%
Try
46%
Head
46%
Been
46%
Sun
46%
Life
45%
Mother
45%
Little
45%
Much
45%
Write
45%
Eye
44%
Saw
44%
Start
44%
Far
44%
Play
44%
Also
43%
End
43%
Ask
42%
High
42%
Light
42%
Last
42%
Low
42%
Great
42%
Use
42%
Very
42%
Does
42%
Call
41%
Thought
41%
Find
41%
Sea
41%
World
41%
Might
41%
Only
40%
Men
40%
Came
40%
Made
39%
Through
39%
Other
39%
Need
39%
Hot
39%
Must
38%
Near
38%
Close
38%
City
38%
School
38%
Country
38%
Name
37%
Long
36%
Few
35%
Don't
35%
Real
35%
Place
33%
Stand
33%
Same
33%
Learn
32%
Earth
32%
Land
32%
Late
32%
Again
32%
Help
32%
Tree
32%
Add
31%
Mean
31%
Keep
31%
Side
30%
Each
30%
Set
29%
While
29%
Own
29%
Still
28%
Grow
28%
Kind
28%
Hard
28%
Large
28%
Animal
28%
Air
27%
Part
27%
Show
27%
Move
26%
Cause
25%
Turn
25%
Answer
25%
State
25%
Found
25%
Between
25%
Such
24%
Act
24%
Round
22%
Ball
22%
Form
22%
North
22%
Build
21%
Differ
21%
Plant
21%
Line
21%
Sound
20%
Change
19%
Self
19%
Flower
19%
Draw
16%
Story
15%
Sentence
14%
Cover
14%
Point
14%
Picture
14%
Farm
13%
Follow
13%
Port
12%
Cross
11%
Page
11%
Spell
10%
Steady
10%
Press
9%

Score Distribution

Percentile by Number Answered

Percent of People with Each Score

Your Score History

You have not taken this quiz since the last reset